[Event "Oberliga Ost-B 1920"]
[Site "Germany"]
[Date "2020.03.01"]
[Round "9.4"]
[White "Kitzig, Tobias"]
[Black "Nazarenus, Moritz"]
[Result "0-1"]
[WhiteElo "1472"]
[BlackElo "2220"]
[PlyCount "50"]
[EventDate "2019.09.29"]
[EventType "team-tourn"]
[EventRounds "11"]
[EventCountry "GER"]
[SourceTitle "EXT 2023"]
[Source "ChessBase"]
[SourceDate "2022.10.05"]
[SourceVersion "1"]
[SourceVersionDate "2022.10.05"]
[SourceQuality "1"]
[WhiteTeam "Liebschwitz"]
[BlackTeam "Schoeneck"]
[WhiteTeamCountry "GER"]
[BlackTeamCountry "GER"]

1. d4 d5 2. Bf4 Nf6 3. e3 e6 4. Bd3 Bd6 5. Bxd6 Qxd6 6. Nd2 0-0 7. f4 c5 8. c3 Nc6 9. Ngf3 cxd4 10. cxd4 Nb4 11. Be2 Ng4 12. Qb3 Nxe3 13. Kf2 Ng4+ 14. Kg1 Qxf4 15. h3 Qe3+ 16. Qxe3 Nxe3 17. g4 f5 18. a3 Nc6 19. Kf2 Nc2 20. Rag1 N2xd4 21. Nxd4 Nxd4 22. Bd3 e5 23. Bxf5 Nxf5 24. gxf5 Bxf5 25. Ke1 Rac8 0-1

[Event "Oberliga Ost-B 1920"]
[Site "Germany"]
[Date "2019.12.08"]
[Round "5.4"]
[White "Kitzig, Tobias"]
[Black "Skliarov, Viktor"]
[Result "0-1"]
[WhiteElo "1472"]
[BlackElo "2375"]
[PlyCount "48"]
[EventDate "2019.09.29"]
[EventType "team-tourn"]
[EventRounds "11"]
[EventCountry "GER"]
[SourceTitle "EXT 2021"]
[Source "ChessBase"]
[SourceDate "2020.10.23"]
[SourceVersion "1"]
[SourceVersionDate "2020.10.23"]
[SourceQuality "1"]
[WhiteTeam "Liebschwitz"]
[BlackTeam "Bad Emstal/Wolfhagen"]
[WhiteTeamCountry "GER"]
[BlackTeamCountry "GER"]

1. d4 Nf6 2. Bf4 d6 3. e3 g6 4. h3 Bg7 5. Nf3 0-0 6. Be2 c5 7. c3 Qb6 8. Qb3 Be6 9. Qxb6 axb6 10. Nbd2 Rxa2 11. Rxa2 Bxa2 12. c4 Nc6 13. 0-0 Nh5 14. Bh2 cxd4 15. exd4 Nxd4 16. Nxd4 Bxd4 17. b4 Bc3 18. Rd1 Rc8 19. Ne4 Bxb4 20. g4 Ng7 21. Ra1 Ra8 22. c5 d5 23. cxb6 Ne6 24. Be5 dxe4 0-1

[Event "Oberliga Ost-B 1920"]
[Site "Germany"]
[Date "2019.11.17"]
[Round "3.4"]
[White "Di Capua, Francesco Stefano"]
[Black "Kitzig, Tobias"]
[Result "1-0"]
[WhiteElo "1956"]
[BlackElo "1472"]
[PlyCount "43"]
[EventDate "2019.09.29"]
[EventType "team-tourn"]
[EventRounds "11"]
[EventCountry "GER"]
[SourceTitle "EXT 2021"]
[Source "ChessBase"]
[SourceDate "2020.10.23"]
[SourceVersion "1"]
[SourceVersionDate "2020.10.23"]
[SourceQuality "1"]
[WhiteTeam "Gernsheim"]
[BlackTeam "Liebschwitz"]
[WhiteTeamCountry "GER"]
[BlackTeamCountry "GER"]

1. e4 e5 2. Nf3 Nf6 3. Nc3 Nc6 4. a3 a6 5. d4 exd4 6. Nxd4 Bc5 7. Nxc6 dxc6 8. Qxd8+ Kxd8 9. Bg5 h6 10. Bh4 g5 11. 0-0-0+ Bd7 12. Bg3 Re8 13. e5 Nh5 14. Ne4 Bf8 15. Bc4 Nxg3 16. hxg3 Rxe5 17. Nf6 Re7 18. Ng8 a5 19. Nxe7 Kxe7 20. Bxf7 Rd8 21. Bh5 Be8 22. Rhe1+ 1-0

[Event "FICGS unrated 00003 email"]
[Site "FICGS email"]
[Date "2014.02.19"]
[Round "1"]
[White "Goldmund, Heike"]
[Black "Kitzig, Tobias"]
[Result "1-0"]
[WhiteElo "1456"]
[BlackElo "1146"]
[PlyCount "35"]
[EventDate "2014.??.??"]
[EventType "swiss (corr)"]
[EventRounds "1"]
[SourceTitle "Corr 2022"]
[Source "ChessBase"]
[SourceDate "2021.10.24"]
[SourceVersion "1"]
[SourceVersionDate "2021.10.24"]
[SourceQuality "1"]

1. b4 e5 2. Bb2 d6 3. c4 Bf5 4. e3 Be7 5. Nf3 Nd7 6. Nc3 Ngf6 7. d3 0-0 8. Be2 c6 9. 0-0 Qc7 10. Qc2 Ng4 11. b5 Nc5 12. e4 Be6 13. Na4 cxb5 14. cxb5 Rac8 15. Nxc5 Qxc5 16. Qxc5 Rxc5 17. Rac1 d5 18. Nxe5 1-0

[Event "FICGS rapid C 000115 email"]
[Site "FICGS email"]
[Date "2013.10.15"]
[Round "1"]
[White "Kitzig, Tobias"]
[Black "Cirovic, Zeljko"]
[Result "0-1"]
[WhiteElo "1500"]
[BlackElo "1530"]
[PlyCount "26"]
[EventDate "2013.??.??"]
[EventType "tourn (rapid)"]
[EventRounds "4"]
[SourceTitle "Corr 2022"]
[Source "ChessBase"]
[SourceDate "2021.10.24"]
[SourceVersion "1"]
[SourceVersionDate "2021.10.24"]
[SourceQuality "1"]

1. Nf3 e6 2. g3 d5 3. Bg2 Bc5 4. 0-0 Nc6 5. d3 h6 6. Nbd2 Nf6 7. e4 dxe4 8. dxe4 0-0 9. Nb3 Bb6 10. Bd2 Nxe4 11. Re1 Bxf2+ 12. Kh1 Bxe1 13. Nxe1 Nf2+ 0-1

[Event "FICGS class D 000198 email"]
[Site "FICGS email"]
[Date "2013.10.10"]
[Round "1"]
[White "Kitzig, Tobias"]
[Black "Vollmer, Steve"]
[Result "0-1"]
[WhiteElo "1500"]
[BlackElo "1523"]
[PlyCount "136"]
[EventDate "2013.??.??"]
[EventType "tourn (corr)"]
[EventRounds "6"]
[SourceTitle "Corr 2022"]
[Source "ChessBase"]
[SourceDate "2021.10.24"]
[SourceVersion "1"]
[SourceVersionDate "2021.10.24"]
[SourceQuality "1"]

1. e4 c5 2. Bb5 a6 3. Be2 Nc6 4. Nf3 Nf6 5. d3 d5 6. 0-0 g6 7. exd5 Nxd5 8. c4 Nf6 9. Nc3 Bg7 10. Bg5 0-0 11. Re1 Be6 12. Nd2 Qd7 13. Rb1 h6 14. Bxf6 Bxf6 15. Na4 Qc7 16. Nxc5 Bf5 17. Bg4 Nd4 18. Bxf5 Qxc5 19. Be4 Qc7 20. b4 Rac8 21. Nb3 Nxb3 22. Rxb3 b5 23. cxb5 axb5 24. Qg4 Kg7 25. d4 Bxd4 26. Bxg6 Bxf2+ 27. Kxf2 fxg6+ 28. Kg1 Qb6+ 29. Kh1 Qd6 30. Rg3 Rce8 31. Rd1 e5 32. Qd7+ Qxd7 33. Rxd7+ Rf7 34. Rxf7+ Kxf7 35. Kg1 Rc8 36. Rf3+ Ke6 37. Kf2 Rc2+ 38. Kg3 Rxa2 39. Rc3 Ra6 40. Rc5 Rb6 41. Kf3 h5 42. Ke4 Kf6 43. Rxe5 Re6 44. Rxe6+ Kxe6 45. h4 Kd6 46. Kd4 Kc6 47. g3 Kd6 48. Ke4 Ke6 49. Kf4 Kf6 50. g4 hxg4 51. Kxg4 Kf7 52. Kg5 Kg7 53. Kf4 Kh6 54. Ke5 Kh5 55. Kf6 Kxh4 56. Kxg6 Kg4 57. Kf6 Kf4 58. Ke6 Ke4 59. Kf6 Kd4 60. Kf5 Kc4 61. Ke4 Kxb4 62. Kd3 Kb3 63. Kd2 Kb2 64. Kd1 b4 65. Kd2 b3 66. Kd1 Ka2 67. Ke2 b2 68. Kf3 b1Q 0-1

[Event "FICGS unrated 00003 email"]
[Site "FICGS email"]
[Date "2013.09.19"]
[Round "1"]
[White "Pech, Jaroslav Senior"]
[Black "Kitzig, Tobias"]
[Result "0-1"]
[WhiteElo "1136"]
[BlackElo "1500"]
[PlyCount "26"]
[EventDate "2013.??.??"]
[EventType "swiss (corr)"]
[EventRounds "1"]
[SourceTitle "Corr 2022"]
[Source "ChessBase"]
[SourceDate "2021.10.24"]
[SourceVersion "1"]
[SourceVersionDate "2021.10.24"]
[SourceQuality "1"]

1. e4 e5 2. Nf3 Nc6 3. Bb5 a6 4. Ba4 b5 5. Bb3 Bb7 6. 0-0 Nf6 7. d3 Bc5 8. a4 0-0 9. Nc3 d6 10. axb5 axb5 11. Rxa8 Bxa8 12. Nxb5 Qb8 13. Nc3 Re8 0-1

[Event "FICGS no engines 00 email"]
[Site "FICGS email"]
[Date "2013.09.01"]
[Round "1"]
[White "Trigance, Emile"]
[Black "Kitzig, Tobias"]
[Result "1-0"]
[WhiteElo "1600"]
[BlackElo "1500"]
[PlyCount "69"]
[EventDate "2013.??.??"]
[EventType "swiss (corr)"]
[EventRounds "1"]
[SourceTitle "Corr 2022"]
[Source "ChessBase"]
[SourceDate "2021.10.24"]
[SourceVersion "1"]
[SourceVersionDate "2021.10.24"]
[SourceQuality "1"]

1. e4 e5 2. d4 d6 3. Nf3 Nd7 4. Bc4 Ngf6 5. Ng5 d5 6. exd5 Be7 7. d6 Bxd6 8. Nxf7 Qe7 9. Nxd6+ Qxd6 10. 0-0 b6 11. Re1 Bb7 12. Nc3 0-0-0 13. Nb5 Qb4 14. Bf1 a6 15. a3 Qe7 16. Nc3 Rde8 17. Bg5 h6 18. Bh4 g5 19. Bg3 h5 20. Bxe5 Nxe5 21. Rxe5 Qg7 22. Qd2 Rxe5 23. dxe5 Ng4 24. e6 h4 25. Qe2 Qd4 26. e7 Re8 27. Rd1 Qf4 28. g3 hxg3 29. hxg3 Qf5 30. Bh3 Bf3 31. Qxa6+ Bb7 32. Bxg4 Qxg4 33. Rd8+ Rxd8 34. exd8Q+ Kxd8 35. Qxb7 1-0